Visualizzazione normale
Vista MARC
- DRAMMA MUSICALE
di Topical Term
Records bibliografici associati: 1
001 - CONTROL NUMBER
- control field: 50242
003 - CONTROL NUMBER IDENTIFIER
- control field: IT-RoPau
005 - DATE AND TIME OF LATEST TRANSACTION
- control field: 20151202110854.0
008 - FIXED-LENGTH DATA ELEMENTS
- fixed length control field: 151202|| aca||aabn | a|a d
040 ## - CATALOGING SOURCE
- Original cataloging agency: IT-RoPau
- Transcribing agency: IT-RoPau
150 ## - HEADING--TOPICAL TERM
- Topical term or geographic name entry element: DRAMMA MUSICALE
- : DVD-FILM [DVD]
- General subdivision: Codice MATERIA SPICS: 9947
670 ## - SOURCE DATA FOUND
- Source citation: Work cat.: (IT-RoPau)107071: Jewison Norman Codice regista SPICS: 13323 50240, JESUS CHRIST SUPERSTAR JESUS CHRIST SUPERSTAR (Rif. Codice opera principale : H5768)